Export management / (Record no. 126179)

MARC details
000 -LEADER
fixed length control field 00660nam a22002177a 4500
005 - DATE AND TIME OF LATEST TRANSACTION
control field 20170124110006.0
010 ## - LIBRARY OF CONGRESS CONTROL NUMBER
LC control number 859421
020 ## - INTERNATIONAL STANDARD BOOK NUMBER
Terms of availability 35.00
035 ## - SYSTEM CONTROL NUMBER
System control number 859421
037 ## - SOURCE OF ACQUISITION
Source of stock number/acquisition Cen Lib/Ret
040 ## - CATALOGING SOURCE
Original cataloging agency DPL
Language of cataloging EN
082 ## - DEWEY DECIMAL CLASSIFICATION NUMBER
Classification number 381.6
Item number BAL
100 ## - MAIN ENTRY--PERSONAL NAME
Personal name Balagopal, T. A. S.
9 (RLIN) 16842
245 ## - TITLE STATEMENT
Title Export management /
Statement of responsibility, etc by T. A. S. Balagopal
260 ## - PUBLICATION, DISTRIBUTION, ETC. (IMPRINT)
Place of publication, distribution, etc Bombay
Name of publisher, distributor, etc Himalaya Publishing House
Date of publication, distribution, etc 1977
270 ## - ADDRESS
City Bombay
Address 4/A-16, Sangeeta, 71 Juhu Road
Postal code 400054
300 ## - PHYSICAL DESCRIPTION
Extent viii, 335p. :
Dimensions 18cm(Hb)
Other physical details ill.
650 ## - SUBJECT ADDED ENTRY--TOPICAL TERM
Topical term or geographic name as entry element Export finance.
9 (RLIN) 16843
650 ## - SUBJECT ADDED ENTRY--TOPICAL TERM
Topical term or geographic name as entry element Export policy,promotion and regulations.
9 (RLIN) 16844
942 ## - ADDED ENTRY ELEMENTS (KOHA)
Source of classification or shelving scheme Dewey Decimal Classification
Koha item type English Books
Classification part 381.6
Call number suffix BAL
Holdings
Withdrawn status Lost status Damaged status Not for loan Home library Current library Date acquired Source of acquisition Cost, normal purchase price Total Checkouts Full call number Barcode Date last seen Copy number Cost, replacement price Price effective from Koha item type Public note Source of classification or shelving scheme Coded location qualifier
Written off       Central Library Central Library 24/06/2015 Cen Lib/Ret 35.00   381.6 BAL 859421 24/06/2015 1 35.00 24/06/2015 English Books Written off on approval by DLB (By Circulation); dtd 15-06-2023    
Written off       Central Library Central Library 01/11/2016       381.6 BAL A-379585 01/11/2016 2 35.00 01/11/2016 English Books Written off on approval by DLB (By Circulation); dtd 15-06-2023 Dewey Decimal Classification 35.00

© Delhi Public Library
Hit Counter
free hit counter